000 00417pab a2200145 454500
008 180718b2003 xxu||||| |||| 00| 0 eng d
100 _aNishio Kanji
245 _aRecent Malaysian Studies in Japan: perspectives on history and contemporary society
260 _c2003
300 _ap.1-19.
650 _aMalaysian studies - Japan
650 _aMalaysian studies
773 _aAsian Research Trends
909 _a55970
999 _c55970
_d55970